Countries With The Most Immigrants - Statistics

General Stats
  • This quiz has been taken 135 times
    81 since last reset
  • The average score is 15 of 25
Answer Stats
Countries Hosting Refugees Answer % Correct
10 Spain
100%
1 USA
97%
6 United Kingdom
94%
15 Thailand
92%
7 France
89%
3 Germany
88%
11 Italy
83%
2 Russia
83%
8 Canada
80%
12 India
80%
9 Australia
77%
21 Japan
70%
4 Saudi Arabia
63%
22 South Africa
58%
25 Israel
53%
13 Ukraine
53%
5 United Arab Emirates
53%
14 Pakistan
47%
19 Malaysia
42%
23 Switzerland
42%
24 Singapore
36%
17 Jordan
34%
16 Kazakhstan
17%
20 Cote D'Ivoire
9%
18 Iran
5%
No matching quizzes found
Score Distribution
Percent of People with Each Score
Percentile by Number Answered
Your Score History
You have not taken this quiz since the last reset